| 000 | 00753nam a2200253Ia 4500 | ||
|---|---|---|---|
| 005 | 20220915114942.0 | ||
| 008 | 210716s2003 xx 000 0 und d | ||
| 020 | _a8176494208 | ||
| 040 | _cAIMIT LIBRARY | ||
| 041 | _aeng | ||
| 082 |
_a575.1 _22 _bWINP |
||
| 100 |
_aWinter, P C. _957609 |
||
| 245 |
_aInstant notes genetics / _cBy P C Winter, G I Hickey and H L Fletcher. |
||
| 250 | _a2nd ed. | ||
| 260 |
_aNew Delhi : _bVision Books , _c2003. |
||
| 300 |
_a374p. ; _c24 cm.` |
||
| 650 |
_aMolecular genetics _957610 |
||
| 650 |
_aGenomes _957611 |
||
| 650 |
_aMechanisms of inheritance _957612 |
||
| 650 |
_aHuman genetics _957613 |
||
| 700 |
_aHickey, G I. _957614 |
||
| 700 |
_aFletcher, H L. _957615 |
||
| 942 |
_2ddc _cBK _e2nd _k575.1 WINP |
||
| 999 |
_c187076 _d187076 |
||